000 00809nam a22002535a 4500
005 20201128021528.0
008 150819s2014 maua frb 001 0 eng d
020 _a9780128008584
040 _aEG-ScBUE
_beng
_cEG-ScBUE
082 0 4 _222
_a620.11
_bINA
100 1 _aInagaki, Michio.
_938764
245 _aMaterials science and engineering of carbon :
_bfundamentals /
_cMichio Inagak, Feiyu Kang.
250 _a2nd ed.
260 _aWaltham :
_aOxford ;
_bButterworth-Heinemann / Elsevier,
_c2014.
300 _axi, 539 p. :
_bill ;
_c27 cm.
500 _aIndex : p. 527-539.
504 _aBibliography : p. 505-525.
650 _2BUEsh
_aCarbon compounds
650 7 _91256
_aMaterials.
_2BUEsh
651 _2BUEsh
653 _bENGGEN
_cAugust2015
_cNovember2015
700 1 _aKang, Feiyu
942 _2ddc
999 _c20664
_d20636